01278nam a22002057a 4500003000500000008004100005020001800046040000800064041001300072082006100085100003300146245006700179260007100246300003600317336002700353337003300380338002900413505061000442650002001052BPGM260616s mx ba||gr||||s001 | spa d a968-845-290-4 bspa aSPAhSPA042PRIMERA EDICIÓN, DICIEMBRE 2005aCQ / 304.2 / Q48bQ48 aSERGIO QUESADA ALDANAcAUTOR aLA ECOLOGÍA POLÍTICA EN LA CULTURA DEL AGUA DE QUERÉTARO aQUERÉTARO, MÉXICObUNIVERSIDAD AUTÓNOMA DE QUERÉTAROc2005 a187 PÁGINAS;c20.8 CM X 14 CM 2rdacontentatextobtxt 2rdamediaasin mediaciónbn 2rdacarrieravolumen bnc aEL TEMA DEL AGUA SE HA CONVERTIDO EN NUESTRO TIEMPO EN UNO DE LOS REFERENTES PRIORITARIOS PARA LA INVESTIGACIÓN. EN EL CASO DE MÉXICO ES UN RECURSO NO RENOVABLE Y ESCASO EN LA MAYOR PARTE DE SU TERRITORIO, LO CUAL SE ACENTÚA AÚN MÁS PARA QUERÉTARO Y SOBRETODO PARA SU CAPITAL, DONDE TRADICIONALMENTE SE HA SUFRIDO POR SU CARENCIA, OBLIGANDO A LA RESPUESTA ESTOICA Y AL TALENTO DE SUS POBLADORES EN LO CONCERNIENTE A SU ACCESO, EXTRACCIÓN, CUIDADO Y DISTRIBUCIÓN, GENERANDO UNA CULTURA DEL AGUA, OBSERVABLE A TRAVÉS DE LOS AÑOS Y DE LAS ETAPAS DE EVOLUCIÓN HISTÓRICA DE QUERÉTARO. v304x300y00z4